Návrh na zefektívnenie komunikačných aktivít reklamnej agentúry bakalárska práca

Guardado en:
Detalles Bibliográficos
Autor principal: Kršková, Andrea
Autor Corporativo: Obchodná fakulta EU. Katedra marketingu
Otros Autores: Lukačovičová, Zuzana
Formato: Libro
Lenguaje:eslovaco
Publicado: Bratislava 2010
Etiquetas: Agregar Etiqueta
Sin Etiquetas, Sea el primero en etiquetar este registro!

MARC

LEADER 00000nam$a2200000$$$4500
001 0135099
005 20240320074314.4
041 0 |a slo 
044 |a SK 
245 1 0 |a Návrh na zefektívnenie komunikačných aktivít reklamnej agentúry  |b bakalárska práca  |c Andrea Kršková ; školiteľ: Zuzana Lukačovičová 
264 1 |a Bratislava  |c 2010 
300 |a 50 s. 
100 1 |a Kršková, Andrea 
700 1 |a Lukačovičová, Zuzana 
710 2 |a Obchodná fakulta EU. Katedra marketingu